1527 1987 1490 1300 1846 1360 1366 1626 1163 1313 1383 1276 1670 1469 1427 1616 1593 1332 1721 1950 1448 1134 1047 1507 1604 1613 1318 1014 1382 1833 1375 1764 1051 1051 1729 1339 1310 1991 1234 1568 1318 1825 1070 1624 1323 1262 1905 1667 1122 1729 1719 1028 1542 1386 1516 1614 1135 1471 1278 1659 1552 1299 1947 1413 1683 1920 1209 1430 1967 1527 1770 1318 1579 1110 1884 1457 1690 1892 1722 1705 1447 1807 1573 1408 1051 1023 1074 1726 1130 1510 1606 1449 1724 1933 1646 1850 1262 1749 1892 BCNSPRNW ULIB Ver.6.0+V

เปลี่ยนเป็นภาษาไทย

Change to English
 แสดงรายละเอียดบรรณานุกรม
  กลับหน้าหลัก

Brief Record : Get Marc (ISO 2709) : E-mail record : QR code < ปิดหน้าต่าง
LEADER : 00000nam 2200000uu 4500
001    13399123052
003     ULIB
008    020711s2536 th a 000 0 tha d
099    นว.^bช241ร
100    ชลาลัย
245    ระบำดอกหญ้า เล่ม2 /^cชลาลัย
260    กรุงเทพฯ :^bคลังวิทยา,^c2536
300    384 หน้า
945    ^p0^l0^i001709
รายการนี้ยังไม่มีแท็ก
คุณยังไม่ได้ล็อกอิน คุณสามารถมีกิจกรรมร่วมกับเว็บไซต์ได้ แต่ต้องล็อกอินก่อน ::
  ล็อกอิน

รายการสื่อสารสนเทศ

ลำดับที่ ประเภท เลขเรียก/บาร์โค้ด สถานที่ สถานะ
1. นวนิยาย
นวนิยาย
นว. ช241ร ฉ.1 
  Barcode: 001709
ห้องสมุดวิทยาเขตสวรรค์ประชารักษ์
►นวนิยาย
บนชั้น
  ขอยืม

รายการใกล้เคียง
    ผู้แต่ง [ชลาลัย]

BibComment


ยังไม่เคยถูกคอมเมนท์

คอมเมนท์ทรัพยากรรายการนี้
  คอมเมนท์: ระบำดอกหญ้า เล่ม2..


 Copyright 2026. Bcnsprnw @Library